Euler : the master of us all /

Guardado en:
Autor Principal: Dunham, William, 1947-
Formato: Libro
Idioma:English
Publicado: [Washington, D.C.] : Mathematical Association of America, c1999.
Series:The Dolciani mathematical expositions ; no. 22
Materias:
Etiquetas: Agregar Etiqueta
Sin Etiquetas, Sea el primero en etiquetar este registro!
LEADER 00721nam a22002055a 4500
001 MAT.inmabb000264
008 980923s1999####dcua#####b####001#0beng#d
005 20180611175001.0
245 0 0 |a Euler :  |b the master of us all /  |c William Dunham. 
260 |a [Washington, D.C.] :  |b Mathematical Association of America,  |c c1999. 
300 |a xxviii, 185 p. :  |b il. ;  |c 23 cm. 
440 4 |a The Dolciani mathematical expositions ;  |v no. 22 
504 |a Includes bibliographical references and index. 
510 4 |a MR,  |c 2000b:01007 
020 |a 0883853280 
100 1 |a Dunham, William,  |d 1947- 
043 |a e-sz--- 
084 |a 01A50 (01A70)  |2 msc2000 
600 1 0 |a Euler, Leonhard,  |d 1707-1783. 
859 |h 01A50  |i D917  |p A-7994  |b BIB. MATEMATICA